000 00556cam a2200217 4500
001 B1508
008 090401t1985 xxu||||| |||| 00| 0 eng d
035 _a(Sirsi) u44822
041 _aeng
050 _a333.336
110 _aHillier Parker Research
_92002
245 _aSurvey of industrial voids. - No. 3 March 1985
260 _aLondon
_bHillier Parker May and Rowden
_c1985
300 _a(5)p. ; 30cm.
350 _a0
650 _aFLOORSPACE
650 _aINDUSTRIAL PROPERTY
650 _aVOID PROPERTY
942 _n0
948 _c04/03/1997
999 _c91601
_d91601